| 000 | 00380nam a22001457a 4500 | ||
|---|---|---|---|
| 003 | OSt | ||
| 005 | 20160727222349.0 | ||
| 008 | 160621b xxu||||| |||| 00| 0 eng d | ||
| 040 | _ctest | ||
| 100 |
_9343 _aStahl, H |
||
| 245 | _aElizabeth Gail and Trouble From The Past | ||
| 260 |
_aUSA _bTyndale House _c1981 |
||
| 300 | _aElizabeth Gail and Trouble From The Past | ||
| 942 |
_2ddc _cBK |
||
| 999 |
_c275 _d275 |
||